000 00693nam a2200217Ii 4500
003 JO-AjNU
008 230605s9999||||xx |||||||||||||| ||und||
017 _a2006/6/1178
040 _aJO-AjNU
_bara
_erda
_cJO-AjNU
041 _aara
050 1 4 _aRC553.A88.U43 2007
100 3 _aعليوات ، محمد عدنان,
_eauthor
_926122
245 0 0 _aالاطفال التوحدين
250 _aط1
264 3 1 _aعمان:دار اليازوري ، 2007
300 _a206ص
336 _atext
_btxt
_2rdacontent
337 _aunmediated
_bn
_2rdamedia
338 _avolume
_bnc
_2rdacarrier
650 4 _aالتوحد عند الاطفال-التوحد-اضطربات نفسية
_926123
999 _aA9858
_c13426
_d13426